Modelling community structure in freshwater ecosystems

Saved in:
Bibliographic Details
Format: Book
Language:Undetermined
Published: Germany Springer 2005
Subjects:
Tags: Add Tag
No Tags, Be the first to tag this record!
Institutions: Trung tâm Học liệu Trường Đại học Cần Thơ
LEADER 00495nam a2200181Ia 4500
001 CTU_87583
008 210402s9999 xx 000 0 und d
020 |c 206.65 
082 |a 577 
082 |b M689 
245 0 |a Modelling community structure in freshwater ecosystems 
245 0 |c Sovan Lek,...[et al.] 
260 |a Germany 
260 |b Springer 
260 |c 2005 
650 |a Freshwater ecology,Ecosytems 
904 |i M.Loan 
980 |a Trung tâm Học liệu Trường Đại học Cần Thơ